| 000 | 00461nam a2200157 i 4500 | ||
|---|---|---|---|
| 001 | 87284 | ||
| 003 | ES-MaACL | ||
| 005 | 20230906175634.0 | ||
| 007 | t| | ||
| 008 | 041220s1960 sp ||||1| spa d | ||
| 100 | 1 |
_aKruckenberg, María del Carmen. _968899 |
|
| 245 | 1 | 0 |
_aPoemas inevitables / _cMª del Carmen Kruckenberg. |
| 260 |
_a[S.l. : _bs.n., _c1960] ( _eVigo : _fTip. Faro de Vigo) |
||
| 300 |
_a60 p. ; _c16 cm. |
||
| 852 |
_aES-MaACL _jC-18833 _bR.46971 |
||
| 999 |
_c87284 _d87284 |
||